ბათუმის შოთა რუსთაველის სახელმწიფო უნივერსიტეტის ბიბლიოთეკა

თხზულებანი [20 ტომად ] : ტ. 2 : დიონისოს ღიმილი / (ბიბ.ჩანაწერი № 57139)

000 -ლიდერი
ფიქსირებული სიგრძის საკონტროლო ველი 00965nam a22002057a 4500
003 - საკონტროლო ნომრის იდენტიფიკატორი
საკონტროლო ველი Ge_BSU
005 - ბოლო ოპერაციის თარიღი და დრო
საკონტროლო ველი 20191127144855.0
008 - ფიქსირებული სიგრძის მონაცემთა ელემენტები - ზოგადი ინფორმაცია
ფიქსირებული სიგრძის საკონტროლო ველი 191127b1992 ge ||||| |||| 00| 0 geo d,
041 ## - ენის კოდი
Language code of text/sound track or separate title geo
080 ## - უნივერსალური ათობითი კლასიფიკაციის ინდექსი
Universal Decimal Classification number 821.353.1-32 გ-19
100 ## - მთავარი ჩანაწერი - პიროვნების სახელი
Personal name გამსახურდია, კ. (კონსტანტინე)
9 (RLIN) 5589
245 ## - ცნობა სათაურის შესახებ
Title თხზულებანი [20 ტომად ] : ტ. 2 : დიონისოს ღიმილი /
Statement of responsibility, etc კ. გამსახურდია ; მთ. რედ. ზ. გამსახურდია ; რედ. ს. სიგუა.
300 ## - ფიზიკური აღწერა
Extent 416 გვ. ;
Dimensions 20 სმ.
653 ## - INDEX TERM--UNCONTROLLED
Uncontrolled term დიონისოს ღიმილი
653 ## - INDEX TERM--UNCONTROLLED
Uncontrolled term თხზულებანი
653 ## - INDEX TERM--UNCONTROLLED
Uncontrolled term ოცტომეული
700 ## - ADDED ENTRY--PERSONAL NAME
Personal name გამსახურდია, ზ.
Relator term მთ. რედაქტორი
9 (RLIN) 5590
700 ## - ADDED ENTRY--PERSONAL NAME
Personal name სიგუა, ს.
Relator term რედაქტორი
9 (RLIN) 4626
942 ## - ADDED ENTRY ELEMENTS (KOHA)
Source of classification or shelving scheme
Koha item type წიგნი
ეგზემპლარები
ჩამოწერის სტატუსი დაკარგული ეგზემპლარის სტატუსი კლასიფიკაციის წყარო ან თაროზე გაწყობის სქემა დაზიანების სტატუსი არ გაიცემა მუდმივი მდებარეობა (დაცვის ადგილი) ამჟამინდელი ადგილსამყოფელი თაროზე განთავსების ადგილი შეძენის თარიღი სრული შენახვის შიფრი შტრიხკოდი ბოლო ოპერაციის თარიღი ეგზემპლარის მიმდევრობითი ნომერი (კეტერი?) ფასის ძალაში შესვლის თარიღი ეგზემპლარის სახეობა
          ბათუმის შოთა რუსთაველის სახელმწიფო უნივერსიტეტის მთავარი ბიბლიოთეკა ბათუმის შოთა რუსთაველის სახელმწიფო უნივერსიტეტის მთავარი ბიბლიოთეკა წიგნსაცავი 2019-11-27 821.353.1-32 გ-19 14401 2019-11-27 14401 2019-11-27 წიგნი